00246pam a2200109 a 4500020000500000041000500005082001600010100001900026245003400045260004000079300001700119 c h a700.74bKUM aNirmal Kumar . aRam Kumar hTextual Documents a[s.l]:bVadhera Art Gallery,c2007. a101:bpaper.